000 01045nam a2200205Ii 4500
003 JO-AjNU
008 230605s9999||||xx |||||||||||||| ||und||
040 _aJO-AjNU
_bara
_erda
_cJO-AjNU
041 _aara
050 1 4 _aHF 5549 2014
100 3 _aاعداد الصالح، اسماء رشاد نايف,
_eauthor
_952029
245 0 0 _aتنمية المورد البشري ودوره في تحقيق الإبداع المؤسسي في المنظمات غير الربحية : دراسة ميدانية على المنظمات غير الربحية الأردنية من وجهة نظر العاملين فيها
264 3 1 _aالقاهرة: المنظمة العربية للتنمية الادارية، 2014
300 _a65ص
_bيحتوي على ببلوغرافية من 58-65ص
336 _atext
_btxt
_2rdacontent
337 _aunmediated
_bn
_2rdamedia
338 _avolume
_bnc
_2rdacarrier
490 0 _aاصدار خاص عن المجلة العربية للادارة
650 4 _aتنمية الموارد البشرية
_952030
999 _aA23023
_c26591
_d26591